مكتبة جامعة عجلون الوطنية

فهرس بحث المكتبة

الاتجاهات الفكرية في نظرية علم الاجتماع المعاصر (Record no. 9212)

MARC details
000 -LEADER
fixed length control field 00838nam a2200217Ii 4500
003 - CONTROL NUMBER IDENTIFIER
control field JO-AjNU
008 - FIXED-LENGTH DATA ELEMENTS--GENERAL INFORMATION
fixed length control field 230605s9999||||xx |||||||||||||| ||und||
017 ## - COPYRIGHT OR LEGAL DEPOSIT NUMBER
Copyright or legal deposit number 1982/3523
040 ## - CATALOGING SOURCE
Original cataloging agency JO-AjNU
Language of cataloging ara
Description conventions rda
Transcribing agency JO-AjNU
041 ## - LANGUAGE CODE
Language code of text/sound track or separate title ara
050 14 - LIBRARY OF CONGRESS CALL NUMBER
Classification number HM24 .M8338 1982
100 3# - MAIN ENTRY--PERSONAL NAME
Personal name عبدالكريم، محمد الغريب ؛ تقديم: عبد الحميد لطفي,
Relator term author
9 (RLIN) 17938
245 00 - TITLE STATEMENT
Title الاتجاهات الفكرية في نظرية علم الاجتماع المعاصر
250 ## - EDITION STATEMENT
Edition statement ط2 مزيدة ومنقحة
264 31 - PRODUCTION, PUBLICATION, DISTRIBUTION, MANUFACTURE, AND COPYRIGHT NOTICE
Place of production, publication, distribution, manufacture الاسكندرية: المكتب الجامعي، 1982
300 ## - PHYSICAL DESCRIPTION
Extent 252ص
Other physical details يحتوي على ببلوغرافية من 241-252ص
336 ## - CONTENT TYPE
Content type term text
Content type code txt
Source rdacontent
337 ## - MEDIA TYPE
Media type term unmediated
Media type code n
Source rdamedia
338 ## - CARRIER TYPE
Carrier type term volume
Carrier type code nc
Source rdacarrier
650 #4 - SUBJECT ADDED ENTRY--TOPICAL TERM
Topical term or geographic name entry element علم الاجتماع
9 (RLIN) 17939
Holdings
Withdrawn status Lost status Source of classification or shelving scheme Damaged status Not for loan Home library Current library Shelving location Date acquired Total Checkouts Full call number Barcode Date last seen Price effective from Koha item type
    Library of Congress Classification     مكتبة جامعة عجلون الوطنية مكتبة جامعة عجلون الوطنية المجموعات العامة 06/06/2023   HM24 .M8338 1982 A5644 06/06/2023 06/06/2023 Books